Kofi Stone- Nobody Cares Till Everyone Dies - Statistics

General Stats
  • This quiz has been taken 9 times
  • The average score is 8 of 15
Answer Stats
Songs % Correct
It's Ok to Cry
89%
Busker Flow
78%
Dirty Airforces
78%
Hugh
78%
Diamonds in the Water
67%
Frozen Hearts
67%
Karma
67%
Rodney Place
67%
Same Old
56%
Lost to the Streets
44%
Talk About Us
44%
A Beautiful Tradgedy
33%
Stepfather
33%
After Hours
22%
Nobody Cares Till Everybody Dies
11%
No matching quizzes found
Score Distribution
Percent of People with Each Score
Percentile by Number Answered
Your Score History
You have not taken this quiz